NPB1950年以降リーグ最多投球回 - Statistics

General Stats
  • This quiz has been taken 28 times
  • The average score is 74 of 153
Answer Stats
年度 投球回 Answer 所属 % Correct
2018 202 菅野智之 巨人
91%
2021 193 2/3 山本由伸 オリックス
87%
2022 193 山本由伸 オリックス
87%
1951 350 金田正一 国鉄
83%
1953 303 2/3 金田正一 国鉄
83%
1955 400 金田正一 国鉄
83%
2010 215 2/3 前田健太 広島
83%
2011 216 前田健太 広島
83%
2012 206 1/3 前田健太 広島
83%
2015 207 1/3 前田健太 広島
83%
2014 202 2/3 則本昂大 楽天
83%
2015 194 2/3 則本昂大 楽天
83%
2016 195 則本昂大 楽天
83%
2018 180 1/3 則本昂大 楽天
83%
1990 224 斎藤雅樹 巨人
78%
1995 213 斎藤雅樹 巨人
78%
2002 209 2/3 井川慶 阪神
78%
2003 207 1/3 上原浩治 巨人
78%
2004 200 1/3 井川慶 阪神
78%
2005 214 2/3 三浦大輔 横浜
78%
2006 216 2/3 三浦大輔 横浜
78%
2019 177 2/3 大野雄大 中日
78%
2020 148 2/3 大野雄大 中日
78%
2011 232 ダルビッシュ有 日本ハム
78%
2019 180 1/3 千賀滉大 ソフトバンク
78%
2025 196 2/3 伊藤大海 日本ハム
78%
1987 207 2/3 桑田真澄 巨人
74%
1989 249 桑田真澄 巨人
74%
2013 196 1/3 メッセンジャー 阪神
74%
2014 208 1/3 メッセンジャー 阪神
74%
2016 185 1/3 メッセンジャー 阪神
74%
2021 172 柳裕也 中日
74%
2024 183 東克樹 横浜
74%
2001 240 1/3 松坂大輔 西武
74%
2005 215 松坂大輔 西武
74%
2006 201 斉藤和巳 ソフトバンク
74%
2008 201 2/3 岩隈久志 楽天
74%
2010 204 1/3 金子千尋 オリックス
74%
2013 223 1/3 金子千尋 オリックス
74%
2024 182 2/3 有原航平 ソフトバンク
74%
2025 175 1/3 村上頌樹 阪神
70%
1957 373 2/3 稲尾和久 西鉄
70%
1958 373 稲尾和久 西鉄
70%
1959 402 1/3 稲尾和久 西鉄
70%
1961 404 稲尾和久 西鉄
70%
1962 320 2/3 稲尾和久 西鉄
70%
1963 386 稲尾和久 西鉄
70%
1982 267 1/3 北別府学 広島
65%
1966 310 米田哲也 阪急
65%
1990 235 野茂英雄 近鉄
65%
1991 242 1/3 野茂英雄 近鉄
65%
1992 216 2/3 野茂英雄 近鉄
65%
1993 243 1/3 野茂英雄 近鉄
65%
2007 213 涌井秀章 西武
65%
2009 211 2/3 涌井秀章 西武
65%
1962 366 1/3 村山実 阪神
61%
1965 307 2/3 村山実 阪神
61%
1966 290 1/3 村山実 阪神
61%
2007 209 グライシンガー ヤクルト
61%
2008 206 グライシンガー 巨人
61%
2009 198 1/3 石川雅規 ヤクルト
61%
2017 188 マイコラス 巨人
61%
2022 178 2/3 森下暢仁 広島
61%
2023 174 1/3 九里亜蓮 広島
61%
1972 309 2/3 東尾修 西鉄
61%
1975 317 2/3 東尾修 太平洋
61%
1978 303 1/3 東尾修 クラウンライター
61%
1984 241 1/3 東尾修 西武
61%
2023 170 上沢直之 日本ハム
61%
1954 395 1/3 杉下茂 中日
57%
1961 429 1/3 権藤博 中日
57%
1968 329 江夏豊 阪神
57%
1970 337 2/3 江夏豊 阪神
57%
1973 307 江夏豊 阪神
57%
2017 187 2/3 菊池雄星 西武
57%
2020 133 1/3 石川歩 ロッテ
57%
1968 359 鈴木啓示 近鉄
52%
1969 330 2/3 鈴木啓示 近鉄
52%
1971 291 1/3 鈴木啓示 近鉄
52%
1974 229 鈴木啓示 近鉄
52%
1976 265 2/3 鈴木啓示 近鉄
52%
2012 200 2/3 成瀬善久 ロッテ
52%
1960 332 2/3 杉浦忠 南海
48%
1979 255 村田兆治 ロッテ
48%
2004 192 1/3 新垣渚 ダイエー
48%
1959 344 小山正明 大阪
43%
1971 281 2/3 松岡弘 ヤクルト
43%
1994 214 山本昌広 中日
43%
1997 206 2/3 山本昌広 中日
43%
1964 361 1/3 小山正明 東京
43%
1997 240 2/3 黒木知宏 ロッテ
43%
1998 201 2/3 小宮山悟 ロッテ
43%
1999 212 2/3 黒木知宏 ロッテ
43%
1952 371 1/3 別所毅彦 巨人
39%
1969 304 1/3 外木場義郎 広島
39%
1974 310 1/3 外木場義郎 広島
39%
1975 287 外木場義郎 広島
39%
1998 236 ミンチー 広島
39%
2002 230 1/3 ミンチー ロッテ
39%
1956 379 2/3 秋山登 大洋
35%
1957 406 秋山登 大洋
35%
359 秋山登 大洋
35%
1991 240 佐々岡真司 広島
35%
1993 249 今中慎二 中日
35%
1979 273 2/3 小林繁 阪神
30%
1980 280 1/3 小林繁 阪神
30%
1981 257 2/3 西本聖 巨人
30%
1983 239 1/3 西本聖 巨人
30%
1984 276 2/3 遠藤一彦 大洋
30%
1986 233 遠藤一彦 大洋
30%
1999 203 2/3 野口茂樹 中日
30%
2001 193 2/3 野口茂樹 中日
30%
1965 378 尾崎行雄 東映
30%
1987 249 2/3 阿波野秀幸 近鉄
30%
1989 235 2/3 阿波野秀幸 近鉄
30%
1980 253 木田勇 日本ハム
26%
1986 219 2/3 渡辺久信 西武
26%
1964 353 1/3 バッキー 阪神
22%
2000 184 バンチ 中日
22%
1967 335 1/3 池永正明 西鉄
22%
1985 260 1/3 佐藤義則 阪急
22%
1988 241 2/3 西崎幸広 日本ハム
22%
1994 207 1/3 伊良部秀輝 ロッテ
22%
2003 204 1/3 清水直行 ロッテ
22%
1958 359 藤田元司 巨人
17%
1996 203 2/3 ガルベス 巨人
13%
1973 273 2/3 成田文男 ロッテ
13%
1981 231 1/3 今井雄太郎 阪急
13%
1982 223 1/3 山内和宏 南海
13%
1983 249 2/3 山内和宏 南海
13%
1996 213 1/3 ヒルマン ロッテ
13%
1950 395 2/3 真田重男 松竹
9%
1960 364 2/3 堀本律雄 巨人
9%
1967 279 2/3 小川健太郎 中日
9%
1972 312 堀本律雄 巨人
9%
1976 290 1/3 池谷公二郎 広島
9%
1977 284 2/3 高橋里志 広島
9%
1985 230 1/3 郭源治 中日
9%
1970 316 2/3 金田留広 東映
9%
1977 278 2/3 高橋直樹 日本ハム
9%
1995 231 グロス 日本ハム
9%
1978 241 斉藤明雄 大洋
4%
1992 217 1/3 仲田幸司 阪神
4%
1950 363 2/3 米川泰夫 東急
4%
1951 294 2/3 米川泰夫 東急
4%
1953 294 1/3 川崎徳次 西鉄
4%
1954 329 2/3 宅和本司 南海
4%
1955 353 1/3 米川泰夫 東映
4%
2000 173 前川勝彦 近鉄
4%
1963 338 1/3 稲川誠 大洋
0%
1988 232 尾花高夫 ヤクルト
0%
1952 269 2/3 林義一 大映
0%
1956 373 2/3 島原幸雄 西鉄
0%
No matching quizzes found
Score Distribution
Percent of People with Each Score
Percentile by Number Answered
Your Score History
You have not taken this quiz